[Event "New Delhi op 19th"]
[Site "New Delhi"]
[Date "2022.03.24"]
[Round "4"]
[White "Lalith, Babu MR"]
[Black "Padmaesh, MK."]
[Result "1-0"]
[WhiteElo "2558"]
[BlackElo "1430"]
[PlyCount "111"]
[EventDate "2022.03.22"]
[EventType "swiss"]
[EventRounds "10"]
[EventCountry "IND"]
[SourceTitle "CBM 207 Extra"]
[Source "ChessBase"]
[SourceDate "2022.05.31"]
[SourceVersion "1"]
[SourceVersionDate "2022.05.31"]
[SourceQuality "1"]

1. d4 d5 2. Nf3 Nf6 3. c4 c6 4. g3 e6 5. Bg2 Be7 6. 0-0 Nbd7 7. Nc3 0-0 8. Qd3 b6 9. e4 Ba6 10. b3 b5 11. cxd5 cxd5 12. e5 Ne8 13. a4 Qa5 14. Nxb5 Bxb5 15. Qxb5 Qxb5 16. axb5 Nc7 17. Bd2 Nxb5 18. Rfc1 Rfb8 19. Bf1 Bd8 20. Ba5 Rb7 21. Bxd8 Rxd8 22. Bxb5 Rxb5 23. Rxa7 Kf8 24. Rc3 Ke8 25. Ne1 Rbb8 26. Rac7 Rb4 27. Nc2 Rb5 28. Kf1 Rdb8 29. b4 R5b7 30. Rc8+ Ke7 31. Ke2 Rxc8 32. Rxc8 h5 33. Kd3 Nb6 34. Rg8 g6 35. Rh8 Nc4 36. Ra8 Kd7 37. Ra6 Ke7 38. Ke2 Rc7 39. Ne1 Rb7 40. Nd3 Rb8 41. Ra7+ Ke8 42. Kd1 Nb6 43. Kc2 Nc8 44. Rc7 Ne7 45. Kc3 Kd8 46. Ra7 Rc8+ 47. Nc5 Ke8 48. b5 Rb8 49. Na6 Rc8+ 50. Kd3 Rc1 51. b6 Nc6 52. Ra8+ Ke7 53. b7 Ra1 54. Nc5 Rb1 55. Rc8 Na7 56. b8Q 1-0